000 00827nam a22002777a 4500
003 CHAP
005 20220329134322.0
008 971013s1969 r 00010 d
010 _a18649
011 _a19621
035 _a23706
040 _cCHAP
082 _a371.3
_bD4Y
100 0 0 _aDeterline, William A.
_932212
245 _aIntroducción a la enseñanza programada
260 _aBuenos Aires :
_bTroquel,
_c1969
300 _apag. varía
590 _aBATCH-UPD
_b10
_c20130110
_lUCH01
_h2209
590 _aBATCH-UPD
_b10
_c20130410
_lUCH01
_h1513
590 _aBATCH-UPD
_b10
_c20130914
_lUCH01
_h1649
590 _aCONVERSION
_b10
_c20130109
_lUCH01
_h1311
650 1 4 _aInstrucción programada.
_959481
901 _aBK
942 _cLIBRO
949 _a371.3 D4Y
_bBC
_cLIBRO
_d33724000145355
_eLIBRO
_h43666
_i23706
_mD
_si
999 _c18649
_d18649